[Event "Challenge"]
[Site "http://www.queenalice.com/game.php?id=814158"]
[Date "2010.8.6"]
[Round "-"]
[White "Samuelfs57"]
[Black "dequeue"]
[Result "0-1"]
[WhiteElo "1889"]
[BlackElo "1820"]

1. e4 e5 2. Nf3 Nc6 3. Bb5 f5 4. Nc3 Nf6 5. d3 fxe4 6. dxe4 Bb4 7. Bg5 Bxc3+ 8.
bxc3 d6 9. Bxc6+ bxc6 10. O-O h6 11. Bxf6 Qxf6 12. h3 Qg6 13. Nh4 Qxe4 14. Qh5+
Kd8 15. Qg6 Qxh4 16. Qxg7 Re8 17. Rae1 Qg5 18. Qxg5+ hxg5 19. g4 Rb8 20. Rb1 Ra8
21. Kh2 Be6 22. a3 Kd7 23. Kg3 Rf8 24. Rb7 Bd5 25. f3 e4 26. f4 e3 27. f5 c5 28.
Rbb1 Rae8 29. Rbe1 Re5 30. h4 gxh4+ 31. Kxh4 Rh8+ 32. Kg3 e2 33. Rf4 Re3+ 34.
Kf2 Rxc3 35. Rxe2 Rh2+ 36. Ke1 Rxe2+ 37. Kxe2 Rxc2+ 38. Ke1 Rc4 39. Rxc4 Bxc4
40. Kd2 Ke7 41. g5 Kf7 42. Ke3 Bd5 43. Kd3 Ba2 44. Ke3 Bb1 45. f6 Bg6 46. Kf3
Ke6 47. Kf4 Kd5 48. f7 Bxf7 49. Kf5 Be6+ 50. Kf6 c4 51. g6 c3 52. g7 c2 53. Ke7
c1=Q 54. Kf8 Qf4+ 55. Ke7 Qf7+ 0-1

[Event "Challenge 2"]
[Site "http://www.queenalice.com/game.php?id=814242"]
[Date "2010.8.6"]
[Round "-"]
[White "dequeue"]
[Black "Samuelfs57"]
[Result "1-0"]
[WhiteElo "1893"]
[BlackElo "1920"]

1. e4 e5 2. f4 exf4 3. Bc4 Nf6 4. Nc3 c6 5. Bb3 Bb4 6. e5 Bxc3 7. bxc3 Ne4 8.
Nf3 d6 9. O-O O-O 10. d4 Nxc3 11. Qd2 Nd5 12. Bxd5 cxd5 13. Ba3 Qb6 14. Bxd6 Re8
15. Qxf4 h6 16. Ng5 hxg5 17. Qxf7+ Kh7 18. Qh5+ Kg8 19. Qxe8+ Kh7 20. Qh5+ 1-0

[Event "Challenge"]
[Site "http://www.queenalice.com/game.php?id=828013"]
[Date "2010.9.4"]
[Round "-"]
[White "Gorgona"]
[Black "dequeue"]
[Result "0-1"]
[WhiteElo "1912"]
[BlackElo "1941"]

1. e4 e5 2. f4 Bc5 3. Nf3 d6 4. d4 exd4 5. Nxd4 Nf6 6. Nc3 O-O 7. Be3 Bb4 8. Bd3
c5 9. Ne2 Re8 10. a3 Ng4 0-1

[Event "Challenge"]
[Site "http://www.queenalice.com/game.php?id=841519"]
[Date "2010.10.3"]
[Round "-"]
[White "Bernhardur"]
[Black "dequeue"]
[Result "1/2-1/2"]
[WhiteElo "2331"]
[BlackElo "1954"]

1. e4 c5 2. Nf3 d6 3. d4 Nf6 4. Nc3 cxd4 5. Nxd4 Nc6 6. Be3 Ng4 7. Bb5 Nxe3 8.
Nxc6 Nxd1 9. Nxd8+ Kxd8 10. Rxd1 e6 11. O-O a6 12. Bc4 b5 13. Bb3 Be7 14. a3 Ke8
15. Rfe1 Bd7 16. Ne2 a5 17. Ng3 Rc8 18. c3 a4 19. Ba2 h5 20. f4 Bc6 21. f5 Rh6
22. fxe6 fxe6 23. e5 Rd8 24. exd6 Bxd6 25. Ne2 Bc5+ 26. Nd4 Ke7 27. Re5 Bxd4+
28. cxd4 Bd5 29. Bxd5 Rxd5 30. Rxd5 exd5 31. Rc1 Kd6 32. Rc5 Re6 33. Rxb5 Re2
34. Rb6+ Ke7 35. Rb7+ Kf6 36. Rd7 Rxb2 37. Rxd5 Rb1+ 38. Kf2 Rb2+ 39. Kf3 g6 40.
Ra5 Rb3+ 41. Kf4 1/2-1/2

[Event "Challenge"]
[Site "http://www.queenalice.com/game.php?id=841520"]
[Date "2010.10.3"]
[Round "-"]
[White "dequeue"]
[Black "Bernhardur"]
[Result "0-1"]
[WhiteElo "1956"]
[BlackElo "2330"]

1. e4 c5 2. Nf3 d6 3. c3 Nf6 4. Be2 g6 5. O-O Bg7 6. Bb5+ Bd7 7. Bxd7+ Qxd7 8.
Re1 O-O 9. d4 cxd4 10. cxd4 Qc7 11. Bg5 Nbd7 12. Nbd2 h6 13. Rc1 Qb6 14. Nc4 Qa6
15. Bxf6 Nxf6 16. e5 dxe5 17. dxe5 Rad8 18. Qc2 Nd5 19. a4 Nb4 20. Qe4 Nd3 21.
b3 Nxe1 22. Qxe1 Qe6 23. Qe4 Rd7 24. b4 Rc8 25. Kf1 f5 26. Qe2 Rdc7 27. Nfd2
Qxe5 28. g3 Qxe2+ 29. Kxe2 e5 30. b5 Bf8 31. Rc3 e4 32. Rc1 Bb4 33. Rd1 Rxc4 34.
Nxc4 Rxc4 35. Rd8+ Kf7 36. Rd7+ Ke6 37. Rxb7 Rc1 0-1

[Event "Challenge"]
[Site "http://www.queenalice.com/game.php?id=852421"]
[Date "2010.10.30"]
[Round "-"]
[White "edemarc"]
[Black "dequeue"]
[Result "0-1"]
[WhiteElo "1391"]
[BlackElo "1985"]

1. e4 d5 2. e5 Bf5 3. g4 Bd7 4. d4 e6 5. Nf3 Ne7 6. a4 Ng6 7. h4 Be7 8. g5 Bc6
9. c3 Nd7 10. h5 Ngf8 11. b4 Nb6 12. b5 Bd7 13. Na3 c6 14. Rb1 cxb5 15. axb5 Qc7
16. Bd2 Bxa3 17. Rg1 Nc4 18. Qc2 Rc8 19. Rb3 Nxd2 20. Nxd2 Be7 21. Rg3 Rd8 22.
c4 a5 23. c5 Ra8 24. b6 Qd8 25. Rb1 Bxg5 26. Nf3 Bh6 27. Bd3 a4 28. Rc1 Bxc1 29.
Qxc1 a3 30. Qa1 Ra5 31. Bb1 Qa8 32. Ba2 h6 33. Nd2 g6 34. Nb3 Ra4 35. f4 gxh5
36. Qc3 h4 37. Rh3 Ng6 38. Qd2 Bb5 39. Kd1 Kd8 40. Kc1 Bf1 41. Rh1 Qa6 42. Kb1
Qd3+ 43. Ka1 Qxd2 44. Nxd2 Bg2 45. Rh2 h3 46. c6 bxc6 47. Nb3 Nxf4 48. Nc5 Rxd4
49. Bb1 Rb4 50. b7 Rb2 51. Na4 Rxb7 52. Ka2 Rg8 53. Bh7 Rg3 54. Bc2 d4 55. Nc5
Rb2+ 56. Ka1 Rxc2 57. Kb1 Rxc5 58. Ka2 Rxe5 59. Rxh3 Bxh3 60. Kb1 Re2 61. Kc1
Rg1# 0-1

[Event "Challenge"]
[Site "http://www.queenalice.com/game.php?id=860281"]
[Date "2010.11.17"]
[Round "-"]
[White "Canaye"]
[Black "dequeue"]
[Result "0-1"]
[WhiteElo "1851"]
[BlackElo "2002"]

1. d4 f5 2. c4 Nf6 3. Nc3 g6 4. Bg5 Bg7 5. Nf3 d6 6. Bxf6 Bxf6 7. e4 O-O 8. e5
Bg7 9. Bd3 c5 10. dxc5 dxe5 11. Bc2 e4 12. Nd2 Bxc3 13. bxc3 Nc6 14. O-O Qc7 15.
Nb3 Be6 16. Qe2 Ne5 17. Rfd1 Nxc4 18. Rd4 Na5 19. Rad1 Rac8 20. f3 Bxb3 21. axb3
Qxc5 22. b4 Qxc3 23. Bxe4 fxe4 24. bxa5 exf3 25. Qe6+ Kh8 26. Qe5+ Rf6 27. Rd8+
Kg7 28. Qxc3 f2+ 29. Kf1 Rxc3 30. R8d7 Rf7 31. Rxb7 Rc2 32. Rxa7 e5 33. Rad7 Ra2
34. Rxf7+ Kxf7 35. Rd7+ Ke6 36. Rxh7 e4 37. Rh6 e3 38. Rxg6+ Kf5 39. Rg8 Ra1+
40. Ke2 Re1+ 41. Kd3 f1=Q+ 0-1

[Event "AUTO-ADV-1820"]
[Site "http://www.queenalice.com/game.php?id=863544"]
[Date "2010.11.25"]
[Round "2"]
[White "dequeue"]
[Black "Diego_Silveira"]
[Result "1-0"]
[WhiteElo "2057"]
[BlackElo "1856"]

1. e4 c6 2. d4 d5 3. Nc3 dxe4 4. Nxe4 Nf6 5. Nxf6+ gxf6 6. Nf3 Bf5 7. g3 e6 8.
Bg2 Nd7 9. O-O Qb6 10. c4 O-O-O 11. Re1 Rg8 12. a3 a5 13. Bf1 e5 14. Bd3 Bg4 15.
c5 Qc7 16. Bxh7 Rh8 17. Bd3 f5 18. Be2 e4 19. Bf4 Ne5 20. Bxe5 Qd7 21. Nd2 Bxe2
22. Rxe2 Rh7 23. Nc4 Bxc5 24. Rd2 Ba7 25. Nd6+ 1-0

[Event "AUTO-ADV-1820"]
[Site "http://www.queenalice.com/game.php?id=863545"]
[Date "2010.11.25"]
[Round "2"]
[White "Diego_Silveira"]
[Black "dequeue"]
[Result "0-1"]
[WhiteElo "1865"]
[BlackElo "2048"]

1. d4 f5 2. c4 Nf6 3. g3 g6 4. Bg2 Bg7 5. Nf3 O-O 6. O-O d6 7. Nc3 c6 8. d5 Bd7
9. Qb3 Qb6 10. Qxb6 axb6 11. a3 Na6 12. Ng5 h6 13. Ne6 Bxe6 14. dxe6 Nc5 15. Be3
Nxe6 16. Bxb6 Nd7 17. Be3 Bxc3 18. bxc3 Nec5 19. Bxh6 Rfe8 20. Rfe1 Ne5 21. e4
Kh7 22. Bg5 Nxe4 23. Bxe4 fxe4 24. Rxe4 Nf3+ 0-1

[Event "AUTO-ADV-1820"]
[Site "http://www.queenalice.com/game.php?id=863546"]
[Date "2010.11.25"]
[Round "2"]
[White "dequeue"]
[Black "gardez2005"]
[Result "1-0"]
[WhiteElo "2012"]
[BlackElo "2037"]

1. e4 e5 2. Nf3 Nc6 3. Bc4 Bc5 4. c3 Nf6 5. d3 d6 6. Nbd2 a6 7. Bb3 O-O 8. O-O
Ba7 9. Nc4 Ne7 10. Nh4 Bg4 11. Qe1 Qd7 12. Bg5 Ne8 13. h3 Be6 14. Qe2 h6 15. Bd2
Kh7 16. Qf3 Ng6 17. Nxg6 fxg6 18. Qxf8 Bxh3 19. Nb6 Qg4 20. Qg8# 1-0

[Event "AUTO-ADV-1820"]
[Site "http://www.queenalice.com/game.php?id=863547"]
[Date "2010.11.25"]
[Round "2"]
[White "gardez2005"]
[Black "dequeue"]
[Result "0-1"]
[WhiteElo "2009"]
[BlackElo "2033"]

1. d4 f5 2. g3 g6 3. Bg2 Bg7 4. Nf3 Nf6 5. O-O O-O 6. c4 c6 7. Nc3 d6 8. Qc2 Qe8
9. Bf4 h6 10. Rad1 Qf7 11. b3 Be6 12. Rfe1 Na6 13. a3 b5 14. Nd2 bxc4 15. bxc4
Rfc8 16. Qd3 Nd7 17. d5 Ndc5 18. Qc2 cxd5 19. cxd5 Bxc3 20. dxe6 Qg7 21. Bxa8
Rxa8 22. Bxh6 Qe5 23. Nf3 Qh8 24. Bd2 Bxd2 25. Qxd2 Nxe6 26. Qd5 Nc7 27. Qc4 Qf6
28. Rb1 d5 29. Qc6 a5 30. Rb7 Rc8 31. Rc1 g5 32. Qd7 Rd8 33. Qa4 g4 34. Ne1 Ra8
35. Rc6 Qe5 36. Qc2 Nd4 37. Qc3 Nxe2+ 0-1

[Event "Challenge"]
[Site "http://www.queenalice.com/game.php?id=879129"]
[Date "2010.12.30"]
[Round "-"]
[White "jorm"]
[Black "dequeue"]
[Result "0-1"]
[WhiteElo "1919"]
[BlackElo "2065"]

1. e4 e5 2. Bc4 Nc6 3. a3 Bc5 4. Nf3 d6 5. h3 Nf6 6. Nc3 O-O 7. d3 h6 8. Na4 Bb6
9. Nxb6 axb6 10. Bd2 Qe7 11. g3 Nd8 12. g4 Be6 13. g5 hxg5 14. Bxe6 Nxe6 15.
Nxg5 Nh7 16. Nxh7 Kxh7 17. Qh5+ Kg8 18. O-O-O Qf6 19. Be3 b5 20. c3 Rfe8 21.
Rdf1 c5 22. Rhg1 b4 23. axb4 cxb4 24. c4 Nc5 25. Kc2 b3+ 26. Kc3 Na4+ 27. Kxb3
b5 28. f3 bxc4+ 29. dxc4 Reb8+ 30. Kc2 Rxb2+ 31. Kc1 Qe6 32. Rxg7+ Kxg7 33. Rg1+
Kf8 34. Qh6+ Ke7 35. Qxe6+ Kxe6 36. Bd2 Rc8 37. Kd1 Rxc4 38. Ke2 Rd4 0-1

[Event "AUTO-MASTER-1640"]
[Site "http://www.queenalice.com/game.php?id=1053535"]
[Date "2012.4.28"]
[Round "1"]
[White "vivafischer"]
[Black "dequeue"]
[Result "1-0"]
[WhiteElo "2258"]
[BlackElo "2065"]

1. e4 e5 2. Nf3 Nc6 3. Bb5 a6 4. Bxc6 dxc6 5. O-O Qd6 6. d4 exd4 7. Nxd4 Bd7 8.
Nc3 O-O-O 9. Be3 Nh6 10. f3 f5 11. Qe2 Qg6 12. e5 Bc5 13. Nb3 Bb4 14. f4 Rhe8
15. Kh1 Qg4 16. h3 Qg6 17. Qc4 c5 18. Bxc5 Bc6 19. Qe2 Bxc5 20. Nxc5 Qg3 21. Kg1
g5 22. fxg5 Qxg5 23. Rad1 Rxd1 24. Rxd1 f4 25. Qf2 f3 26. Nb3 b6 27. Nd4 Rg8 28.
Nxc6 Qxg2+ 29. Qxg2 Rxg2+ 30. Kf1 Nf5 31. Rd8+ Kb7 32. Rf8 Ne3+ 33. Ke1 Nxc2+
34. Kd1 Ne3+ 35. Ke1 Kxc6 36. Rxf3 Nc4 37. Rf6+ Kc5 38. e6 1-0

[Event "AUTO-MASTER-1640"]
[Site "http://www.queenalice.com/game.php?id=1053536"]
[Date "2012.4.28"]
[Round "1"]
[White "dequeue"]
[Black "vivafischer"]
[Result "0-1"]
[WhiteElo "2077"]
[BlackElo "2185"]

1. e4 e5 2. Nf3 Nc6 3. Bc4 Nf6 4. Ng5 Bc5 5. Bxf7+ Ke7 6. Bc4 Rf8 7. O-O h6 8.
Nf3 d6 9. h3 Qe8 10. Re1 Qg6 11. Nh4 Qg3 12. d4 Qxh4 13. dxc5 Bxh3 14. gxh3 Ng4
15. cxd6+ cxd6 16. hxg4 Rxf2 17. Bf4 exf4 0-1

[Event "AUTO-MASTER-1640"]
[Site "http://www.queenalice.com/game.php?id=1053551"]
[Date "2012.4.28"]
[Round "1"]
[White "dequeue"]
[Black "kandido"]
[Result "0-1"]
[WhiteElo "2039"]
[BlackElo "2037"]

1. e4 e5 2. Nf3 Nc6 3. Bc4 Bc5 4. c3 Nf6 5. d3 d6 6. Nbd2 a6 7. Bb3 O-O 8. h3 b5
9. O-O Bb6 10. Re1 Qe7 11. Nf1 Be6 12. Ng3 Na5 13. Bc2 c5 14. Be3 Qa7 15. b3 Nc6
16. a4 b4 17. c4 Nd4 18. Nxd4 cxd4 19. Bg5 Bd8 20. f4 Bc8 21. Nf5 Bxf5 22. exf5
Nd7 23. Qf3 Bxg5 24. fxg5 f6 25. Qd5+ Kh8 26. Qxd6 Rab8 27. gxf6 gxf6 28. Re4
Nc5 29. Rh4 Rf7 30. Rf1 Rg8 31. Rf3 Qc7 32. Qxc7 Rxc7 33. Rh6 Rf7 34. Kf1 Rg5
35. g3 Kg7 36. Rh4 h5 37. Kg2 Kh6 38. g4 Rfg7 39. Rg3 a5 0-1

[Event "AUTO-MASTER-1640"]
[Site "http://www.queenalice.com/game.php?id=1053552"]
[Date "2012.4.28"]
[Round "1"]
[White "kandido"]
[Black "dequeue"]
[Result "1-0"]
[WhiteElo "2019"]
[BlackElo "2057"]

1. d4 f5 2. Nc3 Nf6 3. Bg5 d5 4. Bxf6 exf6 5. e3 Be6 6. Qf3 Nc6 7. Bb5 Qd7 8.
Nge2 O-O-O 9. Nf4 g6 10. Nxe6 Qxe6 11. a3 Ne7 12. b4 Nc6 13. h4 Nxd4 14. Qd1
Nxb5 15. Nxb5 a6 16. Nd4 Qe4 17. Qf3 c5 18. Qxe4 fxe4 19. Ne6 Re8 20. Nxf8 Rhxf8
21. bxc5 Re6 22. Kd2 Rc6 23. h5 g5 24. Rab1 Kc7 25. Rb2 Rf7 26. Rhb1 Kc8 27. Rb6
Rxc5 28. c3 Rcc7 29. Rd6 Rc5 30. Rbb6 f5 31. Rf6 Rcc7 32. g3 f4 33. gxf4 gxf4
34. exf4 1-0

[Event "AUTO-MASTER-1640"]
[Site "http://www.queenalice.com/game.php?id=1053553"]
[Date "2012.4.28"]
[Round "1"]
[White "dequeue"]
[Black "Alexandrovinsk"]
[Result "0-1"]
[WhiteElo "2023"]
[BlackElo "2060"]

1. e4 c5 2. Nf3 d6 3. c3 Nf6 4. h3 Nc6 5. d4 cxd4 6. cxd4 g6 7. Be2 Bg7 8. Nc3
O-O 9. O-O e6 10. Be3 e5 11. d5 Ne7 12. Rc1 Ne8 13. Qd2 f5 14. Bg5 a6 15. Nh4 f4
16. g3 Bxh3 17. Rfe1 fxg3 18. fxg3 Qd7 19. Bf1 Nf6 20. Qh2 Bxf1 21. Rxf1 Qg4 22.
Bxf6 Bxf6 23. Nf3 Bg7 24. Kg2 Rac8 0-1

[Event "AUTO-MASTER-1640"]
[Site "http://www.queenalice.com/game.php?id=1053554"]
[Date "2012.4.28"]
[Round "1"]
[White "Alexandrovinsk"]
[Black "dequeue"]
[Result "1-0"]
[WhiteElo "2079"]
[BlackElo "2008"]

1. c4 f5 2. Nc3 e6 3. Nf3 Nf6 4. g3 d5 5. cxd5 exd5 6. Bg2 c6 7. O-O Bd6 8. d3
O-O 9. Bg5 h6 10. Bd2 Nh5 11. e3 a5 12. a4 Bb4 13. Ne5 d4 14. Qxh5 dxc3 15. bxc3
Bd6 16. Ng6 Qe8 17. e4 Rf6 18. exf5 Rxf5 19. Qg4 h5 20. Qc4+ Be6 21. Rfe1 Be5
22. Rxe5 Rxe5 23. Qd4 Re2 24. Bf4 1-0

[Event "Challenge"]
[Site "http://www.queenalice.com/game.php?id=1053796"]
[Date "2012.4.28"]
[Round "-"]
[White "Leofelix"]
[Black "dequeue"]
[Result "1-0"]
[WhiteElo "1802"]
[BlackElo "1995"]

1. e4 e5 2. Nf3 Nc6 3. Bc4 Nd4 4. Nxe5 Qg5 5. Nxf7 Qxg2 6. Nxh8 Qxh1+ 7. Bf1
Qxe4+ 8. Be2 Nxc2+ 9. Qxc2 Qxc2 10. Bd3 Qxc1+ 11. Ke2 Qxb2 12. Nc3 Qxa1 13. Nd5
Qe5+ 14. Ne3 c6 15. Bc4 d5 16. Bd3 g6 17. Nxg6 1-0

[Event "Challenge"]
[Site "http://www.queenalice.com/game.php?id=1157413"]
[Date "2013.3.3"]
[Round "-"]
[White "Bernhardur"]
[Black "dequeue"]
[Result "0-1"]
[WhiteElo "2333"]
[BlackElo "1971"]

1. f4 d5 2. e3 c5 3. c3 Nf6 4. d4 Nc6 5. Nf3 Bf5 6. Nh4 Bg4 7. Be2 Bxe2 8. Qxe2
e6 9. O-O Ne4 10. Nf3 c4 11. Nbd2 Nxd2 12. Bxd2 Be7 13. b3 cxb3 14. axb3 a6 15.
Ne5 Nxe5 16. fxe5 O-O 17. Rf3 Bg5 18. Rg3 h6 19. Qg4 f5 20. exf6 Qxf6 21. Rf3
Qg6 22. Rg3 Qf5 23. Qe2 Bh4 24. Rf3 Qc2 25. b4 Rxf3 26. gxf3 Qg6+ 27. Kh1 Rf8
28. Rg1 Qf5 29. e4 Qxf3+ 30. Qxf3 Rxf3 31. Bxh6 Bf6 32. exd5 exd5 33. Bd2 Kf7
34. Rc1 Rf2 35. Be3 Re2 36. Bf4 Ke6 37. Rf1 Bh4 38. Rf3 g5 39. Be5 g4 40. Rf4
Be1 41. Rxg4 Bxc3 42. Rg6+ Kf5 43. Rb6 Ke4 44. b5 axb5 45. Rxb5 Rb2 0-1